<?xml version="1.0" encoding="UTF-8"?>
<collection xmlns="http://www.loc.gov/MARC21/slim">
  <record>
    <leader>00000nam  2200000   4500</leader>
    <controlfield tag="001">INLIS000000000006304</controlfield>
    <controlfield tag="005">20220608035122</controlfield>
    <datafield tag="035" ind1="#" ind2="#">
      <subfield code="a">0010-0622000165</subfield>
    </datafield>
    <datafield tag="245" ind1="1" ind2="#">
      <subfield code="a">Kulit, Karet, Dan Plastik /</subfield>
      <subfield code="c">KEPALA BALAI BESAR KULIT, KARET DAN PLASTIK</subfield>
    </datafield>
    <datafield tag="110" ind1=" " ind2="#">
      <subfield code="a">BESAR, Kepala Balai</subfield>
    </datafield>
    <datafield tag="250" ind1="#" ind2="#">
      <subfield code="a">Edisi Vol. 31, No. 2 Desember 2015</subfield>
    </datafield>
    <datafield tag="300" ind1="#" ind2="#">
      <subfield code="a">xii, 65-126 halaman :</subfield>
      <subfield code="b">Tabel, Gambar ;</subfield>
      <subfield code="c">21x28,5 cm</subfield>
    </datafield>
    <datafield tag="260" ind1="#" ind2="#">
      <subfield code="a">YOGYAKARTA :</subfield>
      <subfield code="b">Balai Besar Kulit, Karet, dan Plastik,</subfield>
      <subfield code="c">2015</subfield>
    </datafield>
    <datafield tag="082" ind1="#" ind2="#">
      <subfield code="a">050.29</subfield>
    </datafield>
    <datafield tag="084" ind1="#" ind2="#">
      <subfield code="a">050.29 BES k</subfield>
    </datafield>
    <datafield tag="500" ind1="#" ind2="#">
      <subfield code="a">Pegaruh suhu vulkanisasi terhadap sifat mekanis vulkanisat karet alam dan karet akrilonitril-butadiena.</subfield>
    </datafield>
    <datafield tag="990" ind1="#" ind2="#">
      <subfield code="a">46/MJ-16</subfield>
    </datafield>
  </record>
</collection>
